| 000 | 00578nam a22001937a 4500 | ||
|---|---|---|---|
| 003 | Ost | ||
| 005 | 20200805135214.0 | ||
| 008 | 200805b ||||| |||| 00| 0 eng d | ||
| 020 | _a9781921932007 | ||
| 040 | _cBT-PhCST | ||
| 050 | _a23420-23422 | ||
| 082 |
_222 _a621.31244 _bGSES |
||
| 100 | _aGlobal Sustainable Energy Solutions Pty. Ltd. | ||
| 245 | _aGrid-connected PV systems design and installation / | ||
| 250 | _a1st ed. | ||
| 260 |
_aIndia : _bGSES India Sustainable Energy Pvt. Ltd., _cc2017. |
||
| 300 |
_av, 248 p. : _bill. (some col.) ; _c30 cm. |
||
| 942 |
_2ddc _cEE |
||
| 999 |
_c7880 _d7880 |
||